Die Anwendung der Methoden der Rechenhydrodynamik für die Analyse der Arbeit der Ausrüstung der Petrochemischen produktion; Творчество юных - шаг в успешное будущее

Бібліографічні деталі
Parent link:Творчество юных - шаг в успешное будущее.— 2014.— [С. 419-421]
Автор: Bekker A. V.
Співавтори: Национальный исследовательский Томский политехнический университет (ТПУ) Институт природных ресурсов (ИПР) Кафедра химической технологии топлива и химической кибернетики (ХТТ), Национальный исследовательский Томский политехнический университет (ТПУ) Институт природных ресурсов (ИПР) Кафедра иностранных языков (ИЯПР)
Інші автори: Ivashkina E. N. Elena Nikolaevna (научный руководитель), Kogut S. W. Swetlana Waleriewna
Резюме:Заглавие с титульного экрана
Мова:Німецька
Опубліковано: 2014
Серія:Доклады на иностранном языке
Предмети:
Онлайн доступ:http://www.lib.tpu.ru/fulltext/c/2015/C66/148.pdf
Формат: Електронний ресурс Частина з книги
KOHA link:https://koha.lib.tpu.ru/cgi-bin/koha/opac-detail.pl?biblionumber=612555

MARC

LEADER 00000naa2a2200000 4500
001 612555
005 20260424125845.0
035 |a (RuTPU)RU\TPU\conf\10677 
035 |a RU\TPU\conf\10676 
090 |a 612555 
100 |a 20150619d2014 k y0rusy50 ba 
101 0 |a ger 
102 |a RU 
135 |a drcn ---uucaa 
181 0 |a i  
182 0 |a b 
200 1 |a Die Anwendung der Methoden der Rechenhydrodynamik für die Analyse der Arbeit der Ausrüstung der Petrochemischen produktion  |f A. V. Bekker  |g wiss. Betr. E. N. Ivashkina, S. W. Kogut 
203 |a Текст  |c электронный 
225 1 |a Доклады на иностранном языке 
300 |a Заглавие с титульного экрана 
320 |a [Библиогр.: с. 421 (3 назв.)] 
337 |a Adobe Reader 
463 1 |0 (RuTPU)RU\TPU\conf\10372  |t Творчество юных - шаг в успешное будущее  |o материалы VII Всероссийской научной студенческой конференции с элементами научной школы имени профессора М.К. Коровина, г. Томск, 10-14 ноября 2014 г.  |f Национальный исследовательский Томский политехнический университет (ТПУ) ; под ред. А. Ю. Дмитриева  |v [С. 419-421]  |d 2014 
610 1 |a труды учёных ТПУ 
610 1 |a электронный ресурс 
610 1 |a методы расчета 
610 1 |a гидродинамика 
610 1 |a оборудование 
610 1 |a нефтехимическое производство 
610 1 |a этилбензол 
700 1 |a Bekker  |b A. V. 
702 1 |a Ivashkina  |b E. N.  |c chemist-technologist  |c Associate Professor of Tomsk Polytechnic University, Candidate of technical science  |f 1983-  |g Elena Nikolaevna  |4 727 
702 1 |a Kogut  |b S. W.  |c Linguist  |c Oberlehrer der Polytechnischen Universität Tomsk  |f 1980-  |g Swetlana Waleriewna  |4 727 
712 0 2 |a Национальный исследовательский Томский политехнический университет (ТПУ)  |b Институт природных ресурсов (ИПР)  |b Кафедра химической технологии топлива и химической кибернетики (ХТТ)  |3 (RuTPU)RU\TPU\col\18665 
712 0 2 |a Национальный исследовательский Томский политехнический университет (ТПУ)  |b Институт природных ресурсов (ИПР)  |b Кафедра иностранных языков (ИЯПР)  |3 (RuTPU)RU\TPU\col\18662 
801 2 |a RU  |b 63413507  |c 20161015  |g RCR 
856 4 |u http://www.lib.tpu.ru/fulltext/c/2015/C66/148.pdf 
942 |c BK